[Event "Gibraltar Challengers B 2020"]
[Site "Caleta"]
[Date "2020.01.27"]
[Round "3.25"]
[White "Martinez Lopez, Jaume"]
[Black "Ashwani, Kumar Grover"]
[Result "1-0"]
[WhiteElo "2042"]
[BlackElo "1731"]
[Annotator "NA"]
[PlyCount "81"]
[EventDate "2020.01.20"]
[EventType "swiss"]
[EventCountry "GGB"]
[SourceTitle "playchess.com"]
[Source "ChessBase"]
[SourceQuality "1"]
[TimeControl "6600+10"]

1. d4 {[%emt 0:00:00]} Nf6 {[%emt 0:12:37]} 2. Nf3 {[%emt 0:00:00]} d5 {[%emt 0:00:26]} 3. Bf4 {[%emt 0:00:08]} e6 {[%emt 0:00:21]} 4. e3 {[%emt 0:00:07]} b6 {[%emt 0:00:49]} 5. Nbd2 {[%emt 0:00:26]} Bb7 {[%emt 0:00:17]} 6. Bd3 {[%emt 0:00:16]} Bd6 {[%emt 0:00:15] D02: 1 d4 d5 2 Nf3 sidelines, including 2...Nf6 3 g3 and 2...Nf6 3 Bf4} 7. Bg3 {[%emt 0:00:09]} Nbd7 {[%emt 0:00:57]} 8. Ne5 {[%emt 0:00:58]} a6 $146 {[%emt 0:00:36]} ({Predecessor:} 8... O-O 9. O-O Ne4 10. Nxe4 dxe4 11. Bb5 Nxe5 12. dxe5 Be7 13. Qg4 Qd5 {½-½ (61) Prohaszka,P (2614)-Sturt,R (2446) Saint Louis 2017}) 9. O-O {[%emt 0:00:21]} Qe7 {[%emt 0:03:47]} 10. c3 {[%emt 0:02:45]} Ne4 {[%emt 0:01:57]} 11. Bxe4 {[%emt 0:09:11]} dxe4 {[%emt 0:00:07]} 12. Qg4 {[%emt 0:00:05]} O-O {[%emt 0:09:55]} (12... h5 $17 13. Qh4 (13. Qxg7 Bxe5 14. Bxe5 O-O-O $17) 13... Qxh4 14. Bxh4 Nxe5 15. dxe5 Bxe5) 13. Bh4 {[%emt 0:01:49]} f6 {[%emt 0:02:00]} 14. Nec4 {[%emt 0:06:17]} g5 {[%emt 0:11:48]} 15. Nxd6 {[%emt 0:02:30]} cxd6 {[%emt 0:00:04]} 16. Bg3 {[%emt 0:00:27]} f5 {[%emt 0:04:14]} 17. Qh5 {[%emt 0:00:06]} f4 {[%emt 0:01:38]} 18. exf4 {[%emt 0:00:07]} gxf4 {[%emt 0:00:03]} 19. Bh4 {[%emt 0:00:12]} Qg7 {[%emt 0:05:18]} 20. Qg5 {[%emt 0:01:05]} d5 {[%emt 0:08:52]} 21. Rfe1 {[%emt 0:07:02]} Rae8 {[%emt 0:06:29]} 22. c4 {[%emt 0:11:10]} Qxg5 {[%emt 0:02:56]} 23. Bxg5 {[%emt 0:01:08]} Rf5 {[%emt 0:00:52]} 24. Bh4 {[%emt 0:00:30]} (24. h4 $15) 24... Rh5 {[%emt 0:01:21]} 25. g3 {[%emt 0:00:07]} Kf7 {[%emt 0:00:29]} 26. cxd5 {[%emt 0:00:21]} exd5 {[%emt 0:12:46]} 27. Rac1 {[%emt 0:00:28]} Ke6 {[%emt 0:04:58]} 28. Rc7 {[%emt 0:06:37]} Rb8 {[%emt 0:01:05]} 29. Rec1 {[%emt 0:03:58]} Kd6 {[%emt 0:01:05]} 30. Kg2 {[%emt 0:04:05]} f3+ {[%emt 0:06:57]} (30... Nc5 $14 31. Rf7 Nd3 32. Rf6+ Kd7) 31. Kf1 {[%emt 0:10:26]} ({White has to play} 31. Kg1 $16) 31... a5 {[%emt 0:00:57]} 32. Kg1 {[%emt 0:00:35]} Nc5 {[%emt 0:03:11]} 33. Rf7 {[%emt 0:01:56]} Nd7 $2 {[%emt 0:02:04]} (33... Nd3 $1 $11 34. Rcc7 Bc8) 34. Nf1 {[%emt 0:06:52]} Rg8 {[%emt 0:01:01]} 35. Kh1 {[%emt 0:00:15]} Rc8 {[%emt 0:02:15]} 36. Rxc8 {[%emt 0:00:29]} Bxc8 {[%emt 0:00:01]} 37. Ne3 {[%emt 0:00:16]} Ke6 $2 {[%emt 0:00:58]} (37... Nc5 {keeps fighting.} 38. dxc5+ bxc5) 38. Rg7 {[%emt 0:01:51]} a4 {[%emt 0:00:01]} 39. a3 {[%emt 0:03:08]} Ba6 {[%emt 0:00:05]} (39... Nf6 {keeps fighting.} 40. Rc7 Rxh4 41. gxh4 Bd7) 40. Ng4 $18 {[%emt 0:00:10]} (40. Re7+ $142 Kd6 41. g4 Rxh4 42. Nf5+ {[%mdl 64] Double Attack} Kc7 43. Nxh4) 40... Bc4 {[%emt 0:00:48]} 41. Re7+ {[%emt 0:00:22]} 1-0

[Event "Gibraltar Challengers B 2020"]
[Site "Caleta"]
[Date "2020.01.27"]
[Round "3.26"]
[White "Pakmor, Claus"]
[Black "Lung, Liviu-Catalin"]
[Result "1-0"]
[WhiteElo "1937"]
[BlackElo "2041"]
[Annotator "NA"]
[PlyCount "68"]
[EventDate "2020.01.20"]
[EventType "swiss"]
[EventCountry "GGB"]
[SourceTitle "playchess.com"]
[Source "ChessBase"]
[SourceQuality "1"]
[TimeControl "6600+10"]

1. e4 {[%emt 0:00:00]} c5 {[%emt 0:08:14]} 2. Nf3 {[%emt 0:00:22]} d6 {[%emt 0:00:11]} 3. d4 {[%emt 0:00:11]} cxd4 {[%emt 0:00:06]} 4. Nxd4 {[%emt 0:00:01]} Nf6 {[%emt 0:00:09]} 5. Nc3 {[%emt 0:00:13]} g6 {[%emt 0:00:08]} 6. Be3 {[%emt 0:00:57]} Bg7 {[%emt 0:00:05]} 7. f3 {[%emt 0:00:20]} O-O {[%emt 0:00:06]} 8. Qd2 {[%emt 0:00:10]} Nc6 {[%emt 0:00:05]} 9. O-O-O {[%emt 0:00:10]} Nxd4 {[%emt 0:00:18]} 10. Bxd4 {[%emt 0:01:00]} Be6 {[%emt 0:00:06]} 11. Kb1 {[%emt 0:00:21]} Qc7 {[%emt 0:01:32]} 12. h4 {[%emt 0:03:40]} Rfc8 {[%emt 0:00:28]} 13. h5 {[%emt 0:01:34]} Qa5 {[%emt 0:01:17]} 14. hxg6 {[%emt 0:00:30]} hxg6 {[%emt 0:07:58] [#]} 15. a3 $1 {[%emt 0:00:22]} Rab8 {[%emt 0:00:47]} 16. Nd5 {[%emt 0:11:13] B76: Sicilian Dragon: Yugoslav Attack, 9 g4 and 9 0-0-0} Qxd2 {[%emt 0:00:20]} 17. Rxd2 {[%emt 0:00:08]} Bxd5 {[%emt 0:02:51]} 18. exd5 {[%emt 0:00:52]} a6 {[%emt 0:00:20]} 19. g3 {[%emt 0:06:18]} Nh5 {[%emt 0:05:20]} 20. Bf2 {[%emt 0:00:53]} b5 {[%emt 0:02:53]} 21. f4 $146 {[%emt 0:14:02]} ({Predecessor:} 21. c3 a5 22. Rh4 Rc7 23. Ka2 Nf6 24. Be3 Nd7 25. a4 bxa4 26. Rxa4 Nc5 {½-½ (26) Podlesnik,B (2410)-Kozul,Z (2580) Maribor 1996}) 21... Nf6 {[%emt 0:03:44]} 22. Bg2 {[%emt 0:04:26]} b4 {[%emt 0:01:46]} 23. a4 {[%emt 0:07:16]} b3 {[%emt 0:03:02]} 24. c3 {[%emt 0:06:19]} Ng4 {[%emt 0:08:22]} 25. Bg1 {[%emt 0:07:27]} Rc4 {[%emt 0:01:36]} 26. a5 {[%emt 0:00:14]} Ra4 {[%emt 0:04:23]} 27. Bb6 {[%emt 0:00:27]} Nf6 {[%emt 0:01:15]} 28. Rd4 {[%emt 0:15:44]} Rxd4 $1 {[%emt 0:04:41]} 29. Bxd4 {[%emt 0:00:08]} Rb5 {[%emt 0:00:12] [#]} (29... Nd7 $1 $11 {remains equal.}) 30. Bb6 $1 {[%emt 0:00:32]} Nd7 {[%emt 0:04:58]} 31. Bf1 {[%emt 0:03:21]} Rxd5 {[%emt 0:05:22]} (31... Rxb6 {might work better.} 32. axb6 Nxb6 33. Bxa6 Nxd5) 32. Bxa6 {[%emt 0:00:48]} e5 $2 {[%emt 0:00:27]} (32... Rf5 {was worth a try.} 33. Kc1 Kf8) 33. Bc4 {[%emt 0:04:21]} Rd2 {[%emt 0:01:57]} 34. Be3 {[%emt 0:00:38]} d5 $18 {[%emt 0:01:06]} 1-0

[Event "Gibraltar Challengers B 2020"]
[Site "Caleta"]
[Date "2020.01.27"]
[Round "3.27"]
[White "Raghav, Srivathsav V"]
[Black "Hng, Mei-Xian Eunice"]
[Result "1-0"]
[WhiteElo "2023"]
[BlackElo "1661"]
[Annotator "NA"]
[PlyCount "87"]
[EventDate "2020.01.20"]
[EventType "swiss"]
[EventCountry "GGB"]
[SourceTitle "playchess.com"]
[Source "ChessBase"]
[SourceQuality "1"]
[TimeControl "6600+10"]

1. e4 {[%emt 0:07:06]} c5 {[%emt 0:00:10]} 2. b3 {[%emt 0:00:06]} d6 {[%emt 0:02:32]} 3. Bb2 {[%emt 0:00:35]} Nf6 {[%emt 0:00:22]} 4. Nc3 {[%emt 0:00:07]} g6 {[%emt 0:01:07]} 5. g3 {[%emt 0:00:06]} Bg7 {[%emt 0:00:23]} 6. Bg2 {[%emt 0:00:07]} Nc6 {[%emt 0:03:28]} 7. Nge2 {[%emt 0:00:21]} O-O {[%emt 0:00:25]} 8. O-O {[%emt 0:00:10]} Bd7 {[%emt 0:03:30]} 9. h3 {[%emt 0:00:48]} Rc8 {[%emt 0:03:54]} 10. f4 {[%emt 0:00:45]} a6 {[%emt 0:04:13]} 11. a4 {[%emt 0:01:14]} Qc7 {[%emt 0:06:51]} 12. g4 {[%emt 0:01:48]} Nd4 {[%emt 0:06:00]} 13. Ng3 {[%emt 0:01:56]} e6 {[%emt 0:05:13]} 14. Kh1 {[%emt 0:01:07]} h6 {[%emt 0:04:08]} 15. Nce2 {[%emt 0:01:13]} e5 {[%emt 0:07:32]} 16. d3 {[%emt 0:03:20]} Bxg4 {[%emt 0:18:55]} 17. hxg4 {[%emt 0:02:20]} Nxg4 {[%emt 0:00:06]} 18. Bc1 {[%emt 0:03:11]} Nxe2 {[%emt 0:09:44]} 19. Qxe2 {[%emt 0:00:36]} exf4 {[%emt 0:00:10]} 20. Bxf4 {[%emt 0:08:59]} Bxa1 {[%emt 0:00:25]} 21. Rxa1 {[%emt 0:00:02]} Qd7 {[%emt 0:02:27]} 22. Rf1 {[%emt 0:01:17]} h5 {[%emt 0:01:34]} 23. Bh3 {[%emt 0:00:53]} Rfe8 {[%emt 0:08:36]} 24. Kg2 {[%emt 0:02:03]} b5 {[%emt 0:01:52]} 25. axb5 {[%emt 0:00:43]} axb5 {[%emt 0:00:09]} 26. Bxg4 {[%emt 0:01:29]} Qxg4 {[%emt 0:01:00]} 27. Qxg4 {[%emt 0:00:11]} hxg4 {[%emt 0:00:05]} 28. Bxd6 {[%emt 0:00:37]} c4 {[%emt 0:00:40]} 29. bxc4 {[%emt 0:00:11]} bxc4 {[%emt 0:00:07]} 30. d4 {[%emt 0:00:14]} Ra8 {[%emt 0:01:51]} 31. e5 {[%emt 0:00:58]} Ra2 {[%emt 0:01:28]} 32. Rf2 {[%emt 0:01:08]} Ra1 {[%emt 0:01:02]} 33. Ne4 {[%emt 0:01:19]} Rd8 {[%emt 0:02:12]} 34. Nf6+ {[%emt 0:01:54]} Kg7 {[%emt 0:00:13]} 35. Nxg4 {[%emt 0:00:25]} Rd1 {[%emt 0:00:42]} 36. c3 {[%emt 0:09:37]} Re8 {[%emt 0:03:07]} 37. Bb4 {[%emt 0:00:52]} Rb8 {[%emt 0:00:49]} 38. Ne3 {[%emt 0:00:57] Double Attack} Rc1 {[%emt 0:01:13]} 39. d5 {[%emt 0:01:18]} Rb5 {[%emt 0:02:09]} 40. d6 {[%emt 0:03:23]} Re1 {[%emt 0:02:38]} 41. d7 {[%emt 0:01:44]} Rb8 $18 {[%emt 0:00:05]} 42. Nxc4 {[%emt 0:01:22]} Re4 {[%emt 0:00:05]} 43. Na5 {[%emt 0:02:18]} Rd8 {[%emt 0:01:48]} 44. Rd2 {[%emt 0:00:22]} 1-0

[Event "Gibraltar Challengers B 2020"]
[Site "Caleta"]
[Date "2020.01.27"]
[Round "3.32"]
[White "Fernandez Lopategi, Jon Andoni"]
[Black "Omovie, Ejenavi"]
[Result "0-1"]
[WhiteElo "1987"]
[BlackElo "2089"]
[Annotator "NA"]
[PlyCount "100"]
[EventDate "2020.01.20"]
[EventType "swiss"]
[EventCountry "GGB"]
[SourceTitle "playchess.com"]
[Source "ChessBase"]
[SourceQuality "1"]
[TimeControl "6600+10"]

1. d4 {[%emt 0:00:00]} d5 {[%emt 0:13:17]} 2. Bf4 {[%emt 0:00:39]} Nf6 {[%emt 0:00:07]} 3. e3 {[%emt 0:00:17]} c5 {[%emt 0:00:17]} 4. c3 {[%emt 0:00:19]} Nc6 {[%emt 0:00:08]} 5. Nd2 {[%emt 0:00:18]} Qb6 {[%emt 0:00:09]} 6. Qb3 {[%emt 0:00:28]} c4 {[%emt 0:00:18]} 7. Qxb6 {[%emt 0:06:31]} axb6 {[%emt 0:00:06]} 8. e4 {[%emt 0:00:10]} e6 {[%emt 0:00:11]} 9. a3 {[%emt 0:04:57]} b5 {[%emt 0:00:07]} 10. e5 {[%emt 0:00:54]} Nd7 {[%emt 0:00:08]} 11. Rb1 {[%emt 0:05:55]} Be7 {[%emt 0:00:27]} 12. Be3 {[%emt 0:01:34]} O-O {[%emt 0:00:18]} 13. Be2 {[%emt 0:03:17]} f6 {[%emt 0:01:16]} 14. f4 {[%emt 0:02:38]} f5 {[%emt 0:02:49]} 15. Nh3 {[%emt 0:10:31]} Nb6 {[%emt 0:00:17]} 16. Nf3 {[%emt 0:05:05]} Na4 {[%emt 0:00:49]} 17. Bd2 {[%emt 0:02:49]} Na5 {[%emt 0:04:25]} 18. Bd1 {[%emt 0:02:47]} Bd7 {[%emt 0:02:19]} 19. Bc2 {[%emt 0:07:14]} h6 {[%emt 0:01:10]} 20. Nf2 {[%emt 0:02:13]} g6 {[%emt 0:02:04]} 21. g4 {[%emt 0:09:16]} Kf7 {[%emt 0:00:15]} 22. h4 {[%emt 0:04:05]} Kg7 {[%emt 0:10:06]} 23. h5 {[%emt 0:07:36]} Be8 {[%emt 0:00:08]} 24. Nh4 {[%emt 0:06:59]} g5 $2 {[%emt 0:05:44]} (24... Bxh4 $16 25. Rxh4 Nc6) 25. fxg5 {[%emt 0:03:45]} hxg5 {[%emt 0:00:10]} 26. gxf5 {[%emt 0:02:55]} gxh4 {[%emt 0:00:51]} 27. f6+ {[%emt 0:00:19]} Bxf6 {[%emt 0:00:37]} 28. exf6+ {[%emt 0:00:12]} Kxf6 {[%emt 0:01:11]} 29. Rxh4 {[%emt 0:00:52]} Rg8 {[%emt 0:01:17]} 30. Ng4+ {[%emt 0:04:22]} Ke7 {[%emt 0:01:03]} 31. Ne5 {[%emt 0:00:52]} Nc6 {[%emt 0:00:27] [#]} 32. Bf4 {[%emt 0:03:16]} (32. Nf3 $1 $18 {and the rest is easy.}) 32... Nxe5 {[%emt 0:02:57]} 33. Bxe5 {[%emt 0:00:11]} Rg2 {[%emt 0:00:25] [#]} 34. Kd1 $2 {[%emt 0:03:22] [#]} (34. Rc1 $1 $16 {stays on course.}) 34... Rg1+ $2 {[%emt 0:01:20]} ({Black should try} 34... b4 $1 $19 {[%cal Rb4c3]} 35. Kc1 (35. axb4 $2 Nxc3+ 36. bxc3 Ra2 $19) 35... bxc3 36. bxc3 Nxc3 37. Rxb7+ Kd8) 35. Kd2 {[%emt 0:00:28]} Rg2+ {[%emt 0:00:07]} 36. Kc1 {[%emt 0:00:41]} Rg1+ $1 {[%emt 0:00:26]} 37. Bd1 {[%emt 0:00:01]} Bf7 {[%emt 0:00:38]} 38. Rh2 {[%emt 0:02:01]} (38. Kd2 $5 {[%cal Rd2e3]}) 38... Rag8 $2 {[%emt 0:02:07]} (38... Bg8 $11 39. Kd2 Bh7) 39. h6 {[%emt 0:02:51]} Bg6 {[%emt 0:00:52]} ({Don't blunder} 39... Rxd1+ $2 40. Kxd1 Bg6 41. h7 $18) 40. h7 {[%emt 0:00:21]} Rf8 {[%emt 0:01:14]} 41. h8=Q {[%emt 0:00:31]} Rxh8 {[%emt 0:00:16]} 42. Rxh8 {[%emt 0:01:50]} Bxb1 {[%emt 0:00:09]} 43. Kxb1 {[%emt 0:00:01]} Rxd1+ {[%emt 0:00:12]} 44. Kc2 {[%emt 0:00:01]} Rf1 {[%emt 0:00:39]} 45. Rb8 $2 {[%emt 0:00:17]} (45. Rh7+ $15 Rf7 46. Bd6+ Ke8 47. Rh2) 45... Rf2+ {[%emt 0:00:49]} 46. Kc1 {[%emt 0:00:01]} b6 {[%emt 0:03:01]} 47. Bc7 {[%emt 0:00:55]} Rxb2 {[%emt 0:06:43]} 48. Bxb6 {[%emt 0:00:02] [#]} Rb3 $1 {[%emt 0:01:30]} 49. Ba5 {[%emt 0:00:42]} Nxc3 {[%emt 0:01:21]} 50. Kc2 $19 {[%emt 0:00:42]} Ne2 {[%emt 0:01:24]} 0-1

[Event "Gibraltar Challengers B 2020"]
[Site "Caleta"]
[Date "2020.01.27"]
[Round "3.33"]
[White "Kukic, Boris"]
[Black "Kaplan, Amiram"]
[Result "1-0"]
[WhiteElo "2056"]
[BlackElo "1880"]
[Annotator "NA"]
[PlyCount "121"]
[EventDate "2020.01.20"]
[EventType "swiss"]
[EventCountry "GGB"]
[SourceTitle "playchess.com"]
[Source "ChessBase"]
[SourceQuality "1"]
[TimeControl "6600+10"]

1. Nf3 {[%emt 0:53:08]} Nf6 {[%emt 0:00:21]} 2. d4 {[%emt 0:00:23]} d5 {[%emt 0:00:20]} 3. Bg5 {[%emt 0:00:09]} Ne4 {[%emt 0:02:50]} 4. Bf4 {[%emt 0:00:38]} h6 {[%emt 0:03:11]} 5. Nbd2 {[%emt 0:00:33]} Bf5 {[%emt 0:03:22]} 6. e3 {[%emt 0:00:18]} e6 {[%emt 0:01:39]} 7. Nxe4 {[%emt 0:00:17]} Bxe4 {[%emt 0:01:31]} 8. Bd3 {[%emt 0:00:43]} Bxd3 {[%emt 0:00:59]} 9. Qxd3 {[%emt 0:00:08]} Bd6 {[%emt 0:02:21]} 10. O-O {[%emt 0:02:01]} O-O {[%emt 0:06:13]} 11. Bxd6 {[%emt 0:00:34]} Qxd6 {[%emt 0:01:53]} 12. Rac1 {[%emt 0:00:30]} Nd7 {[%emt 0:04:07]} 13. c4 {[%emt 0:00:41]} c6 {[%emt 0:01:42]} 14. c5 {[%emt 0:00:12]} Qc7 {[%emt 0:00:08]} 15. b4 {[%emt 0:00:37]} a6 {[%emt 0:01:13]} 16. a4 {[%emt 0:00:23]} e5 {[%emt 0:11:50]} 17. Qf5 {[%emt 0:03:12]} g6 {[%emt 0:04:25]} 18. Qh3 {[%emt 0:00:13]} e4 {[%emt 0:00:27]} 19. Nd2 {[%emt 0:00:26]} Kg7 {[%emt 0:03:03]} 20. f4 {[%emt 0:00:15]} Nf6 {[%emt 0:02:47]} 21. Nb3 {[%emt 0:00:38]} Rfd8 {[%emt 0:09:06]} 22. Qg3 {[%emt 0:00:28]} Nh5 {[%emt 0:00:59]} 23. Qe1 {[%emt 0:01:13]} f5 {[%emt 0:00:35]} 24. Na5 {[%emt 0:01:42]} Nf6 {[%emt 0:00:55]} 25. h3 {[%emt 0:00:19]} h5 {[%emt 0:04:26]} 26. Rf2 {[%emt 0:00:14]} Ra7 {[%emt 0:02:05]} 27. Rb2 {[%emt 0:00:37]} Ng8 {[%emt 0:04:06]} 28. Ra1 {[%emt 0:01:47]} Rda8 {[%emt 0:02:59]} 29. Nb3 {[%emt 0:00:35]} Ne7 {[%emt 0:00:27]} 30. Raa2 {[%emt 0:00:54]} Qd7 {[%emt 0:00:15]} 31. Na1 {[%emt 0:01:16]} Rb8 {[%emt 0:02:24]} 32. Qe2 {[%emt 0:01:42]} b6 {[%emt 0:05:05]} 33. cxb6 {[%emt 0:04:52]} Rxb6 {[%emt 0:00:02]} 34. Nb3 {[%emt 0:00:40]} Rxb4 {[%emt 0:02:15]} 35. Nc5 {[%emt 0:00:08]} Rxb2 {[%emt 0:00:13]} 36. Qxb2 {[%emt 0:00:38]} Qc8 {[%emt 0:03:51]} (36... Qd6 $11 {and Black stays safe.}) 37. Qb6 {[%emt 0:00:11]} Ra8 {[%emt 0:01:11]} 38. Rb2 {[%emt 0:00:07]} Kf8 {[%emt 0:01:52]} 39. a5 {[%emt 0:00:09]} Ke8 {[%emt 0:00:27]} 40. Qb4 {[%emt 0:00:59]} Qc7 {[%emt 0:02:36]} 41. Kf2 {[%emt 0:03:05]} h4 {[%emt 0:00:13]} 42. Kg1 {[%emt 0:01:44]} Qc8 {[%emt 0:01:48]} 43. Na4 {[%emt 0:00:52]} Qc7 {[%emt 0:00:33]} 44. Nc5 {[%emt 0:02:29]} Qc8 {[%emt 0:00:22]} 45. Qe1 $142 {[%emt 0:00:17]} Rb8 {[%emt 0:01:18]} (45... Kf7 $142 46. Rb7 Rb8) 46. Rxb8 {[%emt 0:00:48]} Qxb8 {[%emt 0:00:01]} 47. Nxa6 {[%emt 0:00:12]} Qb2 {[%emt 0:02:55]} 48. Nc5 {[%emt 0:00:19]} Qa3 {[%emt 0:00:56]} 49. a6 {[%emt 0:00:17]} Kf7 {[%emt 0:01:58]} 50. Kh2 {[%emt 0:00:14]} Nc8 {[%emt 0:01:47]} 51. Qxh4 {[%emt 0:03:48]} Qxe3 {[%emt 0:00:19]} 52. Qh7+ {[%emt 0:00:13]} Kf6 {[%emt 0:00:50]} 53. Nd7+ {[%emt 0:00:23]} Ke6 {[%emt 0:00:03] [#]} 54. Nf8+ $1 {[%emt 0:00:18] Double Attack} Kf6 {[%emt 0:00:19]} 55. Qxg6+ {[%emt 0:00:25]} Ke7 {[%emt 0:00:04]} 56. Qxf5 {[%emt 0:00:16]} Qxd4 {[%emt 0:00:26]} 57. Qd7+ {[%emt 0:00:59]} Kxf8 {[%emt 0:00:12]} 58. Qxc8+ {[%emt 0:00:07]} Kg7 {[%emt 0:00:58]} 59. Qc7+ {[%emt 0:00:08]} Kh6 {[%emt 0:01:18]} 60. a7 {[%emt 0:00:26]} Qa4 {[%emt 0:00:14]} 61. Qb7 {[%emt 0:00:20]} 1-0

[Event "Gibraltar Challengers B 2020"]
[Site "Caleta"]
[Date "2020.01.27"]
[Round "3.34"]
[White "Boardman, Jeffrey"]
[Black "Skutta, Bernd"]
[Result "1-0"]
[WhiteElo "1972"]
[BlackElo "1998"]
[Annotator "NA"]
[PlyCount "40"]
[EventDate "2020.01.20"]
[EventType "swiss"]
[EventCountry "GGB"]
[SourceTitle "playchess.com"]
[Source "ChessBase"]
[SourceQuality "1"]
[TimeControl "6600+10"]

1. e4 {[%emt 0:00:00]} g6 {[%emt 0:13:59]} 2. d4 {[%emt 0:00:15]} Bg7 {[%emt 0:00:09]} 3. Nc3 {[%emt 0:01:18]} c6 {[%emt 0:00:06]} 4. Bc4 {[%emt 0:02:34]} e6 {[%emt 0:04:03]} 5. Nge2 {[%emt 0:08:10]} d5 {[%emt 0:00:34]} 6. Bd3 {[%emt 0:01:15]} Nd7 {[%emt 0:04:08]} 7. h4 {[%emt 0:02:40]} e5 {[%emt 0:05:27]} 8. exd5 {[%emt 0:03:38]} exd4 {[%emt 0:07:36]} 9. dxc6 {[%emt 0:02:13]} bxc6 {[%emt 0:01:30]} 10. Ne4 {[%emt 0:01:45]} Ne5 {[%emt 0:04:16]} 11. h5 {[%emt 0:13:11]} Nf6 {[%emt 0:30:46]} 12. h6 {[%emt 0:08:44]} Bf8 {[%emt 0:01:06]} 13. Nxd4 {[%emt 0:06:29]} Bb4+ {[%emt 0:14:46]} 14. Kf1 {[%emt 0:07:47]} Nxe4 {[%emt 0:05:05]} 15. Bxe4 {[%emt 0:00:09]} O-O {[%emt 0:00:40]} 16. Be3 {[%emt 0:03:59]} Qf6 {[%emt 0:02:20]} 17. c3 {[%emt 0:04:54]} Ng4 {[%emt 0:01:48] [#]} (17... Bc5 $14) 18. Qf3 $1 {[%emt 0:02:30]} Nxe3+ {[%emt 0:06:18]} 19. fxe3 $18 {[%emt 0:00:31]} Ba6+ {[%emt 0:01:32]} 20. Kf2 {[%emt 0:00:32]} Bc5 {[%emt 0:02:02]} 1-0

[Event "Gibraltar Challengers B 2020"]
[Site "Caleta"]
[Date "2020.01.27"]
[Round "3.36"]
[White "Nergard, Ole-Kristian"]
[Black "Verhoef, Jaap"]
[Result "0-1"]
[WhiteElo "1667"]
[BlackElo "2015"]
[Annotator "NA"]
[PlyCount "42"]
[EventDate "2020.01.20"]
[EventType "swiss"]
[EventCountry "GGB"]
[SourceTitle "playchess.com"]
[Source "ChessBase"]
[SourceQuality "1"]
[TimeControl "6600+10"]

1. e4 {[%emt 0:16:39]} e5 {[%emt 0:00:03]} 2. Nf3 {[%emt 0:00:38]} Nc6 {[%emt 0:00:04]} 3. d4 {[%emt 0:00:33]} exd4 {[%emt 0:00:01]} 4. Bc4 {[%emt 0:00:09]} Nf6 {[%emt 0:00:09]} 5. e5 {[%emt 0:00:25]} d5 {[%emt 0:00:03]} 6. Bb5 {[%emt 0:00:01]} Ne4 {[%emt 0:00:12]} 7. Nxd4 {[%emt 0:00:31]} Bc5 {[%emt 0:00:07]} 8. Be3 {[%emt 0:02:01]} O-O {[%emt 0:00:07]} 9. Nxc6 {[%emt 0:04:13]} bxc6 {[%emt 0:00:02]} 10. Bxc5 {[%emt 0:00:18]} Nxc5 {[%emt 0:00:02]} 11. Bxc6 {[%emt 0:00:54]} Ba6 {[%emt 0:00:03]} 12. Bxa8 {[%emt 0:03:22]} Qg5 $1 {[%emt 0:01:02]} 13. Qd3 {[%emt 0:18:53]} d4 14. Qxd4 {[%emt 0:00:10]} Qc1+ {[%emt 0:06:09] Double Attack} 15. Qd1 {[%emt 0:00:03]} Qxb2 {[%emt 0:00:08]} 16. Nd2 $19 {[%emt 0:00:36]} (16. Qd5 Ne6 17. Kd2 Qxa1 18. g3) 16... Qxe5+ {[%emt 0:00:47]} 17. Be4 {[%emt 0:01:52]} Nxe4 {[%emt 0:00:12]} 18. Nxe4 {[%emt 0:00:22]} Qxe4+ {[%emt 0:00:10]} 19. Kd2 {[%emt 0:00:58]} Rd8+ {[%emt 0:00:13]} 20. Kc1 {[%emt 0:00:38]} Qf4+ {[%emt 0:00:06]} 21. Kb2 {[%emt 0:00:29]} Qb4+ {[%emt 0:00:02]} 0-1